Tempurung untuk ibu (Record no. 74624)
[ view plain ]
| 000 -LEADER | |
|---|---|
| fixed length control field | 00736nam a2200277 i 4500 |
| 001 - CONTROL NUMBER | |
| control field | C2-0264990 |
| 003 - CONTROL NUMBER IDENTIFIER | |
| control field | PPAK |
| 005 - DATE AND TIME OF LATEST TRANSACTION | |
| control field | 20180727233104.0 |
| 008 - FIXED-LENGTH DATA ELEMENTS--GENERAL INFORMATION | |
| fixed length control field | 050531s2005 my |||| ||||| | may d |
| 020 ## - INTERNATIONAL STANDARD BOOK NUMBER | |
| International Standard Book Number | 9836282300 |
| 040 ## - CATALOGING SOURCE | |
| Original cataloging agency | PPAK |
| Language of cataloging | eng |
| Transcribing agency | PPAK |
| Description conventions | rda |
| 082 04 - DEWEY DECIMAL CLASSIFICATION NUMBER | |
| Classification number | 297.18 |
| Edition number | 23 |
| 090 00 - LOCALLY ASSIGNED LC-TYPE CALL NUMBER (OCLC); LOCAL CALL NUMBER (RLIN) | |
| Classification number (OCLC) (R) ; Classification number, CALL (RLIN) (NR) | 297.18 |
| Feature heading | HAI |
| Feature heading | K |
| 100 0# - MAIN ENTRY--PERSONAL NAME | |
| Personal name | Hairudin Mohamed, |
| Relator term | author |
| 245 10 - TITLE STATEMENT | |
| Title | Tempurung untuk ibu |
| 264 #1 - PRODUCTION, PUBLICATION, DISTRIBUTION, MANUFACTURE, AND COPYRIGHT NOTICE | |
| Place of production, publication, distribution, manufacture | Kuala Lumpur : |
| Name of producer, publisher, distributor, manufacturer | Dewan Bahasa dan Pustaka , |
| Date of production, publication, distribution, manufacture, or copyright notice | 2005 |
| 300 ## - PHYSICAL DESCRIPTION | |
| Extent | vii, 120 pages ; |
| Dimensions | 26 cm |
| 336 ## - CONTENT TYPE | |
| Source | rdacontent |
| Content type term | text |
| 337 ## - MEDIA TYPE | |
| Source | rdamedia |
| Media type term | unmediated |
| 338 ## - CARRIER TYPE | |
| Source | rdacarrier |
| Carrier type term | volume |
| 490 1# - SERIES STATEMENT | |
| Series statement | Kisah teladan |
| 650 10 - SUBJECT ADDED ENTRY--TOPICAL TERM | |
| Topical term or geographic name entry element | Islamic stories, Malay. |
| 700 ## - ADDED ENTRY--PERSONAL NAME | |
| Relator term | author |
| 830 #0 - SERIES ADDED ENTRY--UNIFORM TITLE | |
| Uniform title | Kisah teladan |
| 942 ## - ADDED ENTRY ELEMENTS (KOHA) | |
| -- | dc |
| Koha item type | Book |
| Withdrawn | Not for loan | Current library | Shelving location | Date acquired | Full call number | Barcode | Date last seen | Koha item type | Total Checkouts | Total Renewals | Date last checked out |
|---|---|---|---|---|---|---|---|---|---|---|---|
| Perpustakaan Alor Setar | Pinjaman Kanak-kanak | 16/07/2006 | K 297.18 HAI | A01104755 | 30/04/2023 | Book | 5 | 3 | 16/03/2023 | ||
| Perpustakaan Awam Sungai Petani | Pinjaman Kanak-kanak | 16/07/2006 | K 297.18 HAI | A01104756 | 09/05/2018 | Book | |||||
| Perpustakaan Awam Sungai Petani | Pinjaman Kanak-kanak | 06/03/2007 | K 297.18 HAI | A01147057 | 09/05/2018 | Book | |||||
| Perpustakaan Bandar Baharu | Pinjaman Kanak-kanak | 16/07/2006 | K 297.18 HAI | A01104762 | 09/05/2018 | Book | |||||
| Perpustakaan Jitra | Pinjaman Kanak-kanak | 16/07/2006 | K 297.18 HAI | A01104757 | 09/05/2018 | Book | |||||
| Perpustakaan Langkawi | Pinjaman Kanak-kanak | 16/07/2006 | K 297.18 HAI | A01104783 | 09/05/2018 | Book | |||||
| Perpustakaan Yan | Pinjaman Kanak-kanak | 16/07/2006 | K 297.18 HAI | A01104774 | 09/05/2018 | Book | |||||
| Bergerak 4, Sungai Petani | Pinjaman Kanak-kanak | 16/07/2006 | K 297.18 HAI | A01104771 | 09/05/2018 | Book | |||||
| PD06, Kg. Kepala Bukit, Pendang | Pinjaman Kanak-kanak | 16/07/2006 | K 297.18 HAI | A01104780 | 09/05/2018 | Book | |||||
| PD11, Felda Teloi Kanan, Kuala Ketil | Pinjaman Kanak-kanak | 16/07/2006 | K 297.18 HAI | A01104785 | 09/05/2018 | Book | |||||
| PD12, Kg. Padang, Baling | Pinjaman Kanak-kanak | 16/07/2006 | K 297.18 HAI | A01104786 | 09/05/2018 | Book | |||||
| PD16, Kg. Jelai, Pendang | Pinjaman Kanak-kanak | 16/07/2006 | K 297.18 HAI | A01104790 | 09/05/2018 | Book | |||||
| PD19, KEDA Bendang Perang, Kota Setar | Pinjaman Kanak-kanak | 16/07/2006 | K 297.18 HAI | A01104793 | 09/05/2018 | Book | |||||
| PD20, Felda Lubuk Merbau, Pendang | Pinjaman Kanak-kanak | 16/07/2006 | K 297.18 HAI | A01104794 | 09/05/2018 | Book | |||||
| PD27, Kg. Bendang Bukit, Pendang | Pinjaman Kanak-kanak | 16/07/2006 | K 297.18 HAI | A01104801 | 09/05/2018 | Book |